Sports Quiz

Random Sports or College Quiz

Men's Div I Soccer (2005-09) Quiz Stats

 Plays Quiz not verified by Sporcle

Challenge
Share
Tweet
Embed
Score 0/100 Timer 10:00
0 Plays Today
% Correct
North Carolina
93.6%
North Carolina
93.6%
North Carolina
93.6%
North Carolina
93.6%
UCLA
88.6%
UCLA
88.6%
UCLA
88.6%
Virginia
85.5%
Virginia
85.5%
Virginia
85.5%
Duke
83.4%
Duke
83.4%
Duke
83.4%
Maryland
83%
Maryland
83%
Maryland
83%
Maryland
83%
Maryland
83%
Indiana
78.2%
Indiana
78.2%
Indiana
78.2%
Indiana
78.2%
Indiana
78.2%
Ohio State
78%
Ohio State
78%
Michigan
77.7%
Wake Forest
75.7%
Wake Forest
75.7%
Wake Forest
75.7%
Wake Forest
75.7%
Wake Forest
75.7%
California
73.9%
California
73.9%
California
73.9%
% Correct
Michigan State
69.5%
Notre Dame
67%
Notre Dame
67%
Notre Dame
67%
Notre Dame
67%
Boston College
65.2%
Boston College
65.2%
Stanford
64.5%
Connecticut
64.1%
Connecticut
64.1%
Connecticut
64.1%
Akron
63.6%
Akron
63.6%
Akron
63.6%
Clemson
61.6%
Clemson
61.6%
Virginia Tech
60.2%
Penn State
58.6%
Harvard
54.1%
Northwestern
47.7%
Northwestern
47.7%
Northwestern
47.7%
West Virginia
45.9%
West Virginia
45.9%
St. John's
43.6%
St. John's
43.6%
St. John's
43.6%
Creighton
39.8%
Creighton
39.8%
Creighton
39.8%
New Mexico
38.2%
New Mexico
38.2%
Brown
37%
Massachusetts
36.6%
% Correct
California-Santa Barbara
34.3%
California-Santa Barbara
34.3%
California-Santa Barbara
32.7%
Dartmouth
32%
South Florida
31.6%
South Florida
31.6%
South Florida
31.6%
Southern Methodist
30.7%
Southern Methodist
30.7%
Southern Methodist
30.7%
Santa Clara
27%
Santa Clara
27%
Santa Clara
27%
Tulsa
27%
St. Louis
27%
Tulsa
27%
Tulsa
27%
Portland
21.4%
California-Irvine
20.7%
Drake
18.4%
Bradley
16.1%
California-Davis
15.7%
Lehigh
14.8%
Old Dominion
13.9%
Towson
10.9%
Monmouth
10.5%
North Carolina-Greensboro
8.6%
North Carolina-Greensboro
8.6%
Illinois-Chicago
8.2%
Illinois-Chicago
8.2%
Loyola Baltimore
2%
California State-Northridge
1.8%

You're not logged in!

Compare scores with friends on all Sporcle quizzes.
OR
Log In

You Might Also Like...

Show Comments

Extras

Top Quizzes Today


Score Distribution

Your Account Isn't Verified!

In order to create a playlist on Sporcle, you need to verify the email address you used during registration. Go to your Sporcle Settings to finish the process.

Report this User

Report this user for behavior that violates our Community Guidelines.

Details: